000 01104nam a2200289 i 4500
005 20260505163902.0
008 260505s2025 my gr 000 0dmay d
020 _a9786299509325
_cRM38.00
_qpaperback
040 _aPPAK
_beng
_cPPAK
_erda
082 0 4 _223
_a297.125
090 0 0 _a297.125
_bKHA
_dG
100 0 _aKhairulnazrin Nasir,
_cDr.,
_q(Mohd Khairulnazrin bin Mohd Nasir),
_eauthor.
245 1 0 _aCARA BIJAK RASULULLAH MENGAJAR :
_bHADITH & ANGKA /
_cKHAIRULNAZRIN NASIR ; Editor: Irfan Ibrahim
264 1 _aPetaling Jaya, Selangor :
_bFaqih Group Sdn Bhd,
_c[2025?]
300 _a180 pages ;
_c23 cm
336 _atext
_2rdacontent
337 _aunmediated
_2rdamedia
338 _avolume
_2rdacarrier
500 _aContains verses from the Qur'an and quotes from the Hadith.
500 _aIncludes questions and answers.
504 _aBibliography: page 179
600 0 0 _aMuhammad,
_cProphet,
_d-632.
650 1 0 _aHadith
_xCriticism, interpretation, etc.
650 2 0 _aIslam
_xCustoms and practices.
700 0 _aIrfan Ibrahim,
_eeditor.
942 _2ddc
_cB
999 _c204105
_d204105